Modern day countries along the historic silk road - Statistics

General Stats
  • This quiz has been taken 37 times
  • The average score is 26 of 34
Answers on the Map
Answers color-coded by a green-red scale on the quiz's map according to % correct below.
 
Answer Stats
Answer % Correct
China
100%
India
100%
Iran
97%
Kazakhstan
97%
Pakistan
97%
Turkey
97%
Turkmenistan
97%
Afghanistan
94%
Iraq
94%
Mongolia
94%
Russia
94%
Tajikistan
94%
Uzbekistan
94%
Armenia
90%
Azerbaijan
90%
Jordan
90%
Syria
90%
Georgia
87%
Kyrgyzstan
87%
Oman
87%
Saudi Arabia
87%
Yemen
84%
Egypt
77%
Vietnam
77%
Thailand
71%
Malaysia
68%
Indonesia
61%
Sri Lanka
55%
Singapore
42%
Somalia
39%
Maldives
29%
Kenya
23%
Tanzania
23%
Mozambique
19%
No matching quizzes found
Score Distribution
Percent of People with Each Score
Percentile by Number Answered
Your Score History
You have not taken this quiz